| 000 | 00493nam a2200145 4500 | ||
|---|---|---|---|
| 001 | 117357 | ||
| 003 | ES-MaACL | ||
| 007 | t| | ||
| 008 | 070302s1908 sp r ||||1| spa d | ||
| 100 | 1 |
_aPazos y García, Diego. _989796 |
|
| 245 | 1 | 3 |
_aLa cuestión agraria de Irlanda y referencias a la de España / _cpor Diego Pazos y García. |
| 260 |
_aMadrid : _b[s. n.], _c1908 ( _fEstablecimiento tipográfico de Jaime Ratés Martín) |
||
| 300 |
_a286 p. ; _c26 x 18 cm. |
||
| 852 |
_aES-MaACL _jG-6187 |
||
| 999 |
_c117357 _d117357 |
||